000 00642cab a2200229 4500
001 ABS58485
008 090401t1998 xxu||||| |||| 00| 0 eng d
035 _a(Sirsi) u85292
041 _aeng
245 _aSt. Petersburg focus
260 _c1998
350 _a0
490 _aEstates News
_vSpring 1998, F1-F3(3) (LOAN)
520 _aUp-to-date news on the St Petersburg office market.
650 _aINWARD INVESTMENT
650 _aPROPERTY-COMMERCIAL PROPERTY-OFFICE PROPERTY-OFFICE PROPERTY MARKET
650 _aRUSSIA
650 _aST PETERSBURG
690 _aOVERSEAS-REST OF THE WORLD
942 _n0
948 _c30/03/1998
999 _c53625
_d53625